| Tag |
First Indicator |
Second Indicator |
Subfields |
| LEADER |
00000cjm a2200000 a 4500 |
| 001 |
in00001237690 |
| 005 |
20151003071843.0 |
| 007 |
sd fungnn|m|ed |
| 008 |
890920r1988 xx mun eng d |
| 019 |
|
|
|a 19643286
|a 22586005
|a 29052559
|
| 024 |
1 |
|
|a 7777900432
|
| 024 |
1 |
|
|a 7777900442
|
| 028 |
0 |
0 |
|a CDP 7 90043 2
|b Parlophone
|
| 028 |
0 |
0 |
|a CDP 7 90044 2
|b Parlophone
|
| 028 |
0 |
0 |
|a LC 0299
|b Parlophone
|
| 028 |
0 |
2 |
|a DIDX 2888
|b Parlophone
|
| 028 |
0 |
2 |
|a DIDX 2889
|b Parlophone
|
| 033 |
2 |
|
|a 19620904
|a 19700104
|
| 035 |
|
|
|a (OCoLC)20369932
|
| 035 |
|
|
|9 AGT5310AM
|
| 040 |
|
|
|a ORZ
|c ORZ
|d OCL
|d CSJ
|d OCL
|d TXA
|d UtOrBLW
|
| 041 |
1 |
|
|d eng
|d ger
|h eng
|g eng
|
| 047 |
|
|
|a rc
|a pp
|
| 049 |
|
|
|a TXAV
|
| 090 |
|
|
|a M1741.18.B4
|b P37 1988
|
| 110 |
2 |
|
|a Beatles,
|e performer.
|
| 245 |
1 |
0 |
|a Past masters /
|c the Beatles.
|
| 264 |
|
1 |
|a [Place of publication not identified] :
|b Parlophone,
|c [1988]
|
| 264 |
|
4 |
|c ℗1988
|
| 300 |
|
|
|a 2 sound discs :
|b digital, mono., stereo. ;
|c 4 3/4 in.
|
| 336 |
|
|
|a performed music
|b prm
|2 rdacontent
|
| 337 |
|
|
|a audio
|b s
|2 rdamedia
|
| 338 |
|
|
|a audio disc
|b sd
|2 rdacarrier
|
| 500 |
|
|
|a Compact discs ; digital recording
|
| 500 |
|
|
|a Parlophone: CDP 7 90043 2--CDP 7 90044 2.
|
| 500 |
|
|
|a Rock music.
|
| 500 |
|
|
|a Original sound recordings made by EMI Records.
|
| 500 |
|
|
|a Written primarily by John Lennon and Paul McCartney.
|
| 500 |
|
|
|a Parlophone: LC 0299.
|
| 511 |
0 |
|
|a Performed by the Beatles.
|
| 500 |
|
|
|a Program notes by Mark Lewisohn (11 pages, 11 pages : ill. ; 12 cm.) inserted in each container.
|
| 505 |
0 |
|
|a v. 1. Love me do -- From me to you -- Thank you girl -- She loves you -- I'll get you -- I want to hold your hand -- This boy -- Komm, gib mir deine hand --Sie liebt dich -- Long tall Sally -- I call your name -- Slow down -- Matchbox -- I feel fine -- She's a woman -- Bad boy -- Yes it is -- I'm down -- v. 2. Day tripper -- We can work it out -- Paperback writer --Rain -- Lady Madonna -- The inner light -- Hey Jude --Revolution -- Get back -- Don't let me down -- The ballad of John and Yoko -- Old brown shoe -- Across the universe -- Let it be -- You know my name.
|
| 518 |
|
|
|a Recorded between Sept. 4, 1962 and Jan. 4, 1970.
|
| 500 |
|
|
|a Sound recording.
|
| 650 |
|
0 |
|a Rock music
|y 1961-1970.
|
| 650 |
|
0 |
|a Popular music
|y 1961-1970.
|
| 700 |
1 |
|
|a McCartney, Paul,
|e composer.
|
| 700 |
1 |
|
|a Lennon, John,
|d 1940-1980,
|e composer.
|
| 999 |
|
|
|a MARS
|
| 999 |
f |
f |
|s cfefc5e8-7c4c-3f05-9cce-75282b46841c
|i 4b59a683-cc8a-3cda-a2a8-cdf2d9bb2476
|t 0
|
| 952 |
f |
f |
|p ric
|a Texas A&M University
|b Rellis Campus
|c Joint Library Facility
|d Remote Storage
|t 0
|e M1741.18.B4 P37 1988
|h Library of Congress classification
|i audio -- audio disc
|k disc 1
|m A14830424126
|
| 952 |
f |
f |
|p ric
|a Texas A&M University
|b Rellis Campus
|c Joint Library Facility
|d Remote Storage
|t 0
|e M1741.18.B4 P37 1988
|h Library of Congress classification
|i audio -- audio disc
|k disc 2
|m A14830424142
|
| 952 |
f |
f |
|p ric
|a Texas A&M University
|b Rellis Campus
|c Joint Library Facility
|d Remote Storage
|t 0
|e M1741.18.B4 P37 1988
|h Library of Congress classification
|i audio -- audio disc
|k disc 1
|m A14818906966
|
| 998 |
f |
f |
|a M1741.18.B4 P37 1988
|s disc 1-2
|t 0
|l Remote Storage
|